Estadísticas para Capitals and Largest Cities of the States of Mexico / Capitales y Ciudades Más Pobladas Mexicanas

Haz click aquí para tomar la prueba!

Estadísticas generales

  • Esta prueba ha sido tomada 194 veces
  • La puntuación promedio es 29 de 64

Estadísticas de respuestas

Estado / StateCapital% Correcto
AguascalientesAguascalientes
88%
Baja California SurLa Paz
76%
Baja CaliforniaMexicali
76%
ChihuahuaChihuahua
72%
GuanajuatoGuanajuato
71%
CampecheCampeche
71%
DurangoDurango
70%
JaliscoGuadalajara
68%
PueblaPuebla
66%
ColimaColima
66%
OaxacaOaxaca
62%
Nuevo LeónMonterrey
61%
ChiapasTuxtla Gutiérrez
59%
QuerétaroQuerétaro
58%
CoahuilaSaltillo
58%
México (Edomex)Toluca
58%
San Luis PotosíSan Luis Potosí
57%
Tijuana
55%
Aguascalientes
55%
MichoacánMorelia
55%
MorelosCuernavaca
52%
HidalgoPachuca
51%
GuerreroChilpancingo
51%
NayaritTepic
51%
Guadalajara
47%
Ciudad Juárez
47%
La Paz
46%
Quintana RooChetumal
45%
Puebla
45%
Campeche
44%
SonoraHermosillo
44%
Cancún
44%
TlaxcalaTlaxcala
44%
Distrito FederalMéxico
44%
YucatánMérida
44%
SinaloaCuliacán
43%
Durango
43%
Monterrey
42%
ZacatecasZacatecas
42%
Oaxaca
39%
Querétaro
39%
Acapulco
39%
Morelia
38%
San Luis Potosí
38%
VeracruzXalapa
37%
TabascoVillahermosa
37%
León
37%
Tuxtla Gutiérrez
35%
Veracruz
34%
TamaulipasCiudad Victoria
34%
Tepic
33%
Pachuca
32%
Cuernavaca
31%
México
31%
Culiacán
29%
Manzanillo
29%
Torreón
28%
Hermosillo
27%
Mérida
24%
Zacatecas
24%
Ecatepec
24%
Villahermosa
22%
Reynosa
13%
Vicente Guerrero
3%

Distribución de puntuación

Porcentaje por número respondido

Porcentaje de gente con cada puntuación

Historial de tus puntuaciones

No has tomado esta prueba